The paintings of Titian. (Record no. 134044)

MARC details
000 -LEADER
campo de control de longitud fija 00597nam a2200193 i 4500
001 - NÚMERO DE CONTROL
campo de control 134044
003 - IDENTIFICADOR DE NÚMERO DE CONTROL
campo de control ES-MaACL
005 - FECHA Y HORA DE LA ÚLTIMA TRANSACCIÓN
campo de control 20250817132145.0
007 - CAMPO FIJO DE DESCRIPCIÓN FÍSICA--INFORMACIÓN GENERAL
campo de control de longitud fija t|
008 - DATOS DE LONGITUD FIJA--INFORMACIÓN GENERAL
campo de control de longitud fija 070905s1975 xxk ||||1| eng d
080 ## - NÚMERO DE LA CLASIFICACIÓN DECIMAL UNIVERSAL
Número de la Clasificación Decimal Universal 75 Tiziano
100 1# - ENTRADA PRINCIPAL--NOMBRE DE PERSONA
Nombre de persona Wethey, Harold E.
9 (RLIN) 116585
245 14 - MENCIÓN DEL TÍTULO
Título The paintings of Titian.
Número de parte o sección de la obra 3,
Nombre de parte o sección de la obra The mytological and historical paintings /
Mención de responsabilidad, etc. by Harold E. Wethey.
260 ## - PUBLICACIÓN, DISTRIBUCIÓN, ETC.
Lugar de publicación, distribución, etc. London :
Nombre del editor, distribuidor, etc. Phaidon,
Fecha de publicación, distribución, etc. [1975]
300 ## - DESCRIPCIÓN FÍSICA
Extensión 1 v. (VII, 488 p., 240 h. de lám.) ;
Dimensiones 32 cm.
600 04 - PUNTO DE ACCESO ADICIONAL DE MATERIA--NOMBRE DE PERSONA
Nombre de persona Tiziano,
Fechas asociadas al nombre ca. 1488-1576
9 (RLIN) 110357
852 4# - LOCALIZACIÓN
Ubicación ES-MaACL
Número de control de estantería P-1432
Holdings
Estatus retirado Estado de pérdida Estado de daño No para préstamo Biblioteca de origen Biblioteca actual Ubicación en estantería Fecha de adquisición Fuente de adquisición Total de préstamos Signatura topográfica completa Código de barras Visto por última vez Precio de reemplazo Tipo de ítem Koha
        Biblioteca del Ateneo de Madrid Biblioteca del Ateneo de Madrid Depósito 2 17/01/2008     P-1432 1139533 23/02/2023 23/02/2023 Libro impreso